000 00486nam a2200181 a 4500
001 1769939801955
003 YourLibrary
005 20260201163728.0
008 260201s2008##################000#0#eng##
020 _a9780521887731
082 0 4 _a305.23
_bLAN
100 1 _aLancy, David F.,
_eauthor.
245 1 0 _aThe Anthropology of Childhood :
260 _bCambridge University Press,
_c2008.
650 0 _aPsychology.
942 _cENGLISH
040 _aYourLibrary
_beng
_cYourLibrary
999 _c609719
_d609719